000 00505nam a2200181Ia 4500
001 19521
005 20260306172659.0
008 260306t2008||||xx |||||||||||||| ||spa||
041 _aESP
082 _a340.1
_bP44
100 _aPérez Luño, Antonio Enrique
_eAUT
245 0 _aLecciones de filosofía del derecho:
_bpresupuestos para una filosofía de la experiencia jurídica
260 _c2008
300 _a409 páginas :
_c24 cm.
650 _aGEN
654 _aCDE
942 _cLIB
_dJUS
_fJUS
_2ddc
_n
999 _c19521
_d19521